000 00450nam a2200193Ia 4500
005 20240823021202.0
008 240823s9999||||xx |||||||||||||| ||und||
020 _a81-8128-381-3
041 _aENGLISH
082 _A515.2433 P5
100 _a"Kaiser,Gerald"
245 2 _aA Friendly Guide to Wavelets
250 _a1st
260 _c2005
_b"Springer,New "
500 _aYES
650 _aWaves
_bMathematics
942 _cBK
999 _c176480
_d176480